000 00454nam a2200181Ia 4500
001 3575
005 20260306145653.0
008 260306t2000||||xx |||||||||||||| ||spa||
041 _aESP
082 _a289.8
_bS78
100 _aRylko, Stanislaw
_eAUT
245 0 _aLos jóvenes y el Papa. Juntos:
_bun proyecto de pastoral juvenil
260 _c2000
300 _a24 páginas :
_c19 cm.
650 _aGEN
654 _aCHU
942 _cLIB
_dJUS
_fJUS
_2ddc
_n
999 _c3575
_d3575